Fun-e-Sipah Geeri / (Record no. 187975)
[ view plain ]
| 000 -LEADER | |
|---|---|
| fixed length control field | 00348 a2200157 4500 |
| 003 - CONTROL NUMBER IDENTIFIER | |
| control field | Nust |
| 005 - DATE AND TIME OF LATEST TRANSACTION | |
| control field | 20230321135529.0 |
| 040 ## - CATALOGING SOURCE | |
| Transcribing agency | Nust |
| 082 ## - DEWEY DECIMAL CLASSIFICATION NUMBER | |
| Classification number | 355,DAR |
| 100 ## - MAIN ENTRY--PERSONAL NAME | |
| Personal name | Ehsan-ul-Haq |
| 9 (RLIN) | 48214 |
| 245 ## - TITLE STATEMENT | |
| Title | Fun-e-Sipah Geeri / |
| Statement of responsibility, etc. | Maj Gen Ehsan-ul-Haq |
| 256 ## - COMPUTER FILE CHARACTERISTICS | |
| Computer file characteristics | 100 |
| 260 ## - PUBLICATION, DISTRIBUTION, ETC. | |
| Place of publication, distribution, etc. | Rawalindi |
| 300 ## - PHYSICAL DESCRIPTION | |
| Extent | 100 :p |
| 942 ## - ADDED ENTRY ELEMENTS (KOHA) | |
| Source of classification or shelving scheme | |
| Koha item type | Book |
| Call number prefix | 355,DAR |
| Withdrawn status | Lost status | Source of classification or shelving scheme | Damaged status | Not for loan | Permanent Location | Current Location | Shelving location | Date acquired | Full call number | Barcode | Date last seen | Price effective from | Koha item type | Public note |
|---|---|---|---|---|---|---|---|---|---|---|---|---|---|---|
| Military College of Signals (MCS) | Military College of Signals (MCS) | General Stacks | 12/12/2016 | 355,DAR | MCS34166 | 12/08/2016 | 12/12/2016 | Book | Almirha No 64, Shelf No 5 |
